000 01005nam a2200361 4500
001 285050
003 DO-SdBNP
005 20180326141628.0
007 285050
008 930325s1992 sp | |||| ||spa
016 7 _a
_2BPMSU
017 _a
_b
020 _a8434824736
035 _a
040 _aBPMSU
_bspa
_cBPMSU
_e
041 1 _aspa
_h
080 0 _a
100 1 _aRocha, Ruth
240 1 0 _aBorba, o gato
_lEspañol
245 1 3 _aEl gato Borba /
_cRuth Rocha; ilustraciones de Margarita Menéndez ; traducción, Manuel Barbadillo
_h
250 _a5ª ed.
260 _aMadrid :
_bSM,
_c1992.
300 _a43 p.:
_bil. ;
_c20 cm.
490 1 _aEl barco de vapor
_v155
490 1 _aSerie blanca
_v24
700 1 2 _aBarbadillo, Manuel,
_d1928-2007
_etr.
700 1 2 _aMenéndez, Margarita,
_eil.
830 0 _aEl barco de vapor
_v155
830 0 _aSerie blanca
_v24
942 _2ddc
_cBK
945 _aInventariado, 2018 /LP
956 _aVMATEO
_210
_320151125
_6BPMSU
_800151
999 _c8916
_d8916